| 000 | 00570nam a22001697a 4500 | ||
|---|---|---|---|
| 005 | 20260205101740.0 | ||
| 008 | 260205b |||||||| |||| 00| 0 eng d | ||
| 020 | _a978-94-6351-210-7 | ||
| 050 | _aQA 11 .M38 2018 | ||
| 100 | _aHUNTER, ROBERT | ||
| 245 | _aMATHEMATICAL DISCOURSE THAT BREAKS BARRIERS AND CREATES SPACE FOR MARGINALIZED LEARNERS. | ||
| 260 |
_aROTTERDAM, _bSENSE PUBLISHERS, _c2018 |
||
| 300 | _ax, 293 P, ILL | ||
| 650 | _aMATHEMATICS- STUDY AND TEACHING. | ||
| 700 | _aCIVIL, MARTA . HERBEL-EISENMANN, BETH. PLANAS, NURIA | ||
| 942 |
_2lcc _cBK |
||
| 999 |
_c216548 _d216548 |
||